000 00697nam a2200181Ia 4500
008 100921s9999 xx 000 0 und d
082 _b35236
_a891.463 न 02
100 _aमहाजन भास्कर.
245 _aदेवा संतुला वाचव.
260 _bपार्टनर प्रकाशन, मुंबई.
_c2002
300 _a207
_bमयुरेष बुक एजन्सी,कराड
365 _b160
520 _aललित-कादंबरी.
630 _aदेवा संतुला वाचव.
650 _aललित-कादंबरी.
730 _aदेवा संतुला वाचव.
942 _cBOOK
999 _c784349
_d784346